Understanding economics today / (Record no. 1524)
[ view plain ]
| 000 -LEADER | |
|---|---|
| fixed length control field | 01579nam a2200193Ia 4500 |
| 020 ## - INTERNATIONAL STANDARD BOOK NUMBER | |
| ISBN | 0256246513 (acidfree paper) |
| 022 ## - INTERNATIONAL STANDARD SERIAL NUMBER | |
| ISSN | 9780256246513 |
| 050 ## - CALL NUMBER | |
| Classification number | HB171.5 |
| Item number | .W23 |
| 100 1# - AUTHOR | |
| Personal name | Walton, Gary M. |
| 245 10 - TITLE | |
| Title | Understanding economics today / |
| Statement of responsibility, etc | Gary M. Walton, Frank C. Wykoff. |
| 250 ## - EDITION | |
| Edition statement | 6th ed. |
| 260 ## - PUBLICATION INFORMATION | |
| Place of publication | Boston, Mass. : |
| Name of publisher | Irwin/McGraw-Hill, |
| Year of publication | c1998. |
| 300 ## - DESCRIPTION | |
| Number of Pages | xvi, 496 p. : |
| Other physical details | col. ill., col. map ; |
| Dimensions | 24 cm. |
| 500 ## - NOTES | |
| General note | Include index |
| 505 ## - FORMATTED CONTENTS NOTE | |
| Table of Content | Part I: Microeconomics. Chapter 1: The Economics of Personal and Social Choice. Chapter 2: Scarcity and the Economic Problem. Chapter 3: The First Law of Economics. Chapter 4: The Law of Supply and Market Price. Chapter 5: Shortages, Surpluses, and Prices. Chapter 6: Production, Profits, and Marginal Analysis. Chapter 7: Competition and Monopoly. Chapter 8: Jobs and Wages. Chapter 9: Market Failure and Government Failure. Chapter 10: Trade Among Nations. Part II: Macroeconomics. Chapter 11: National Economic Problems: Stagnation, Inflation, Unemployment, and Competitiveness. Chapter 12: Overview of the National Economy: Cycles and the Circular Flow Model. Chapter 13: Government Fiscal Actions and the Pace of the Economy. Chapter 14: Money, Money, Money. Chapter 15: The Fed and the Money Supply. Chapter 16: Why Economists Disagree. Chapter 17: Inflation and Unemployment. Chapter 18: Rising Living Standards or Stagnation: Chapter 19: Issues in Stabilization Policy. Chapter 20: The Exchange Rate and the Balance of Payments. |
| 650 #0 - SUBJECTS | |
| Topical Term | Economics. |
| 700 1# - OTHER AUTHORS | |
| Personal name | Wykoff, Frank C., |
| 942 ## - ADDED ENTRY ELEMENTS (KOHA) | |
| Koha item type | Books |
| Withdrawn status | Lost status | Home library | Current library | Shelving location | Date acquired | Full call number | Accession Number | Copy number | Koha item type | Collection code |
|---|---|---|---|---|---|---|---|---|---|---|
| Methodist University Library Main | Methodist University Library Main | General Stacks | 08/01/2018 | HB171.5 .W23 | 11182 | 1 | Books | |||
| Methodist University Library Main | Methodist University Library Main | General Stacks | 08/01/2018 | HB171.5 .W23 | 11181 | 2 | Books | |||
| Methodist University Library Main | Methodist University Library Main | General Stacks | 08/01/2018 | HB171.5 .W23 | 11179 | 3 | Books | Reference | ||
| Methodist University Library Main | Methodist University Library Main | General Stacks | HB171.5 .W23 | 11180 | 4 | Books | Reference |